[Event "ICS rated blitz match"]
[Site "192.231.221.16"]
[Date "1997.06.05"]
[Round "-"]
[White "Brause"]
[Black "Balthasar"]
[Result "1-0"]
[WhiteElo "2630"]
[BlackElo "1942"]
[TimeControl "180+1"]

1. e4 e6 2. d4 d5 3. c4 Bb4+ 4. Nc3 dxe4 5. Be3 Nf6 6. Qc2 O-O 7. Ne2 b6 8.
a3 Bxc3+ 9. Nxc3 Bb7 10. Be2 Nbd7 11. O-O c5 12. dxc5 Nxc5 13. Rad1 Qc7 14.
b4 Ncd7 15. Rd4 Rad8 16. Nb5 Qc8 17. Nxa7 Qa8 18. Nb5 Bc6 19. a4 Rc8 20.
Nc3 Rfd8 21. Rfd1 Nf8 22. Rxd8 Rxd8 23. b5 Bb7 24. Bxb6 Rxd1+ 25. Qxd1 N8d7
26. Be3 h6 27. c5 Qa5 28. c6 Nb8 29. cxb7
{Balthasar resigns} 1-0

[Event "ICS rated blitz match"]
[Site "192.231.221.16"]
[Date "1997.06.05"]
[Round "-"]
[White "Brause"]
[Black "Balthasar"]
[Result "1-0"]
[WhiteElo "2631"]
[BlackElo "1941"]
[TimeControl "180+1"]

1. e4 e6 2. d4 d5 3. c4 Bb4+ 4. Nc3 dxe4 5. Be3 Nf6 6. Qc2 O-O 7. Ne2 b6 8.
a3 Bxc3+ 9. Nxc3 Bb7 10. Be2 Nbd7 11. O-O a5 12. Bf4 Rc8 13. Rad1 Qe7 14.
Bg5 h6 15. Be3 c5 16. dxc5 Nxc5 17. Na4 Nxa4 18. Qxa4 Qc7 19. Qb5 Rb8 20.
Bxb6 Qc6 21. Bxa5 Qxb5 22. cxb5 Bd5 23. Bc3 Rfc8 24. a4 Bc4 25. Bxc4 Rxc4
26. Be5 Rb7 27. b3 Rb4 28. Rd8+ Kh7 29. Rb1 Nd5 30. Rxd5 exd5 31. Bc3 d4
32. Bxb4 d3 33. Bd2 Rc7 34. a5 g5 35. a6 f5 36. b6
{Balthasar resigns} 1-0

[Event "ICS rated blitz match"]
[Site "164.58.253.13"]
[Date "1997.06.07"]
[Round "-"]
[White "Brause"]
[Black "Tsangh"]
[Result "1-0"]
[WhiteElo "2393"]
[BlackElo "1797"]
[TimeControl "180+1"]

1. e4 e6 2. d4 d5 3. c4 dxe4 4. Nc3 Nf6 5. f3 exf3 6. Nxf3 Bb4 7. Bg5 O-O
8. Qb3 c5 9. O-O-O Qa5 10. Bxf6 Bxc3 11. Be7 Bxd4 12. Bxf8 Kxf8 13. Nxd4
cxd4 14. Rxd4 Nc6 15. Rd1 Qg5+ 16. Rd2 e5 17. Bd3 Nd4 18. Qb4+ Kg8 19. Be4
a5 20. Qd6 h6 21. h4 Qf4 22. Qd8#
{Tsangh checkmated} 1-0

[Event "ICS rated blitz match"]
[Site "164.58.253.13"]
[Date "1997.06.07"]
[Round "-"]
[White "Brause"]
[Black "Lomax"]
[Result "1-0"]
[WhiteElo "2362"]
[BlackElo "2045"]
[TimeControl "300+3"]

1. e4 e6 2. d4 d5 3. c4 dxe4 4. Nc3 f5 5. Be2 Nf6 6. Be3 Bb4 7. Nh3 O-O 8.
O-O Nc6 9. Qd2 Qe8 10. a3 Bxc3 11. Qxc3 Bd7 12. Bf4 Rc8 13. b4 Nh5 14. Bg5
h6 15. Be3 Nf6 16. b5 Ne7 17. Rfe1 g5 18. Qa5 b6 19. Qxa7 Ng6 20. Rad1 f4
21. Bd2 e5 22. Bb4 Rf7 23. c5 Bxb5 24. dxe5 Nxe5 25. cxb6 Bxe2 26. b7 Rb8
27. Rxe2 c5 28. Qxc5 Rbxb7 29. Red2 Rbd7 30. Bc3 Rxd2 31. Rxd2 Nd3 32. Qf5
Qf8 33. Bxf6 Rxf6 34. Qxe4 Nc5 35. Qd5+ Kg7 36. Qe5 Ne6 37. Rd7+ Kg8 38.
Qe4 Ng7 39. Qd5+ Kh8 40. Rd8 Ne8 41. Qe5
{Lomax resigns} 1-0

[Event "ICS rated blitz match"]
[Site "164.58.253.13"]
[Date "1997.06.07"]
[Round "-"]
[White "Brause"]
[Black "fweep"]
[Result "1-0"]
[WhiteElo "2387"]
[BlackElo "1983"]
[TimeControl "120+19"]

1. e4 e6 2. d4 d5 3. c4 dxe4 4. Nc3 Nf6 5. f3 exf3 6. Nxf3 Bb4 7. Bg5 h6 8.
Bxf6 Qxf6 9. Bd3 Nc6 10. Be4 Bd7 11. O-O O-O 12. Ne5 Qe7 13. Bxc6 Bxc6 14.
Nxc6 bxc6 15. Ne2 c5 16. a3 Ba5 17. b4 cxb4 18. Qa4
{fweep: not my fault}
18... Bb6 19. axb4 a5 20. c5 Ba7 21. Qxa5 f5 22. Qb5 Rfb8 23. Qc6 Qe8 24.
Qxe8+ Rxe8 25. Ra6 g5 26. Rfa1 Reb8 27. Rxa7 Rxa7 28. Rxa7 Rxb4 29. Rxc7
Rb2 30. Kf2 h5 31. Re7
{fweep: right, Rb6 doesn't work. stupid}
31... g4 32. c6 h4 33. c7 g3+ 34. hxg3 hxg3+ 35. Kxg3 Rc2 36. Re8+ Kf7 37.
c8=Q Rxc8 38. Rxc8
{fweep resigns} 1-0

[Event "ICS rated blitz match"]
[Site "164.58.253.13"]
[Date "1997.06.08"]
[Round "-"]
[White "Brause"]
[Black "Torr"]
[Result "1-0"]
[WhiteElo "2329"]
[BlackElo "1939"]
[TimeControl "180+1"]

1. e4 e6 2. d4 d5 3. c4 c6 4. Nc3 Nf6 5. exd5 exd5 6. Bg5 Be7 7. Nf3 O-O 8.
Be2 Nbd7 9. cxd5 Nxd5 10. Bxe7 Nxe7 11. O-O Nb6 12. Re1 Nbd5 13. Bd3 Ng6
14. Nxd5 Qxd5 15. Qc2 Bg4 16. Be4 Qd7 17. Ne5 Qc8 18. Bxg6 hxg6 19. Nxg4
Qxg4 20. Re7 Rab8 21. Qa4 a6 22. Rae1 Rfd8 23. Qb3 Qf5 24. R1e4 b5 25. g4
Qd5 26. Qxd5 Rxd5 27. h3 c5 28. dxc5 Rxc5 29. Ra7 Rc6 30. Ree7 Rf8 31. b3
g5 32. Re5
{Torr forfeits on time} 1-0

[Event "ICS rated blitz match"]
[Site "164.58.253.13"]
[Date "1997.06.22"]
[Round "-"]
[White "Brause"]
[Black "MadSmurf"]
[Result "1-0"]
[WhiteElo "2339"]
[BlackElo "1806"]
[TimeControl "120+12"]

1. e4 e6 2. d4 d5 3. c4 dxe4 4. Nc3 Nf6 5. f3 e3 6. Bxe3 Bb4 7. Bd3 O-O 8.
Ne2 Nc6 9. Qd2 Re8 10. O-O Bf8 11. Ne4 e5 12. d5 Nb4 13. Nxf6+ Qxf6 14. Be4
h6 15. Ng3 Rb8 16. a3 Na6 17. Bxa7 Bc5+ 18. Bxc5 Nxc5 19. Bc2 Qb6 20. Qf2
Qd6 21. b4 Na6 22. Ne4 Qe7 23. b5 f5 24. bxa6 fxe4 25. Qa7 Bf5 26. axb7 Qg5
27. Bxe4 Bh3 28. Rf2 Rf8 29. c5 Rxf3 30. Qxb8+ Rf8 31. Qxf8#
{MadSmurf checkmated} 1-0

[Event "ICS rated blitz match"]
[Site "208.196.3.66"]
[Date "1997.06.30"]
[Round "-"]
[White "Brause"]
[Black "AdamfromEC"]
[Result "1-0"]
[WhiteElo "2621"]
[BlackElo "1966"]
[TimeControl "180+1"]

1. e4 e6 2. d4 d5 3. c4 dxe4 4. Nc3 Nf6 5. f3 exf3 6. Nxf3 c5 7. d5
exd5 8. cxd5 Be7 9. Bb5+ Bd7 10. d6 Bxb5 11. Nxb5 Qa5+ 12. Nc3 Bd8 13.
Qe2+ Kf8 14. O-O g6 15. Bh6+ Kg8 16. Rae1 Nc6 17. Qe8+ Nxe8 18. Rxe8#
{AdamfromEC checkmated} 1-0

[Event "ICS Rated blitz match"]
[Site "192.231.221.16"]
[Date "1997.07.01"]
[Round "-"]
[White "Brause"]
[Black "FutureGM"]
[Result "1/2-1/2"]
[WhiteElo "2595"]
[BlackElo "2654"]
[TimeControl "120+8"]

1. e4 e6 2. d4 d5 3. c4 dxe4 4. Nc3 Nf6 5. f3 Bb4 6. Qa4+ Nc6 7. Be3 O-O 8.
O-O-O Bxc3 9. bxc3 exf3 10. gxf3 a6 11. Bd3 Na7 12. Qc2 b5 13. cxb5 axb5
14. Nh3 b4 15. cxb4 Qd6 16. Bg5 Nd5 17. Bxh7+ Kh8 18. Be4 Qxb4 19. Nf4 Qa3+
20. Qb2 Qxb2+ 21. Kxb2 Bb7 22. Rd3 Ba6 23. Rd2 Rfb8+ 24. Ka1 c6 25. h4 Nb5
26. h5 Nbc3 27. h6 Bc4 28. hxg7+ Kxg7 29. Nh5+ Kf8 30. Nf6 Bxa2 31. Rh8+
Kg7 32. Rxb8 Rxb8 33. Rg2 Ra8 34. Bd2+ Kxf6 35. Bg5+ Kg7 36. Be7+ Kh8 37.
Rh2+ Kg8 38. Rg2+ Kh8 39. Rh2+ Kg7 40. Rg2+ Kh6 41. Rh2+ Kg7 42. Rg2+
{Game drawn by repetition} 1/2-1/2

[Event "ICS rated blitz match"]
[Site "192.231.221.16"]
[Date "1997.07.01"]
[Round "-"]
[White "Brause"]
[Black "Eren"]
[Result "1-0"]
[WhiteElo "2589"]
[BlackElo "1984"]
[TimeControl "180+1"]

1. e4 e6 2. d4 d5 3. c4 dxe4 4. Nc3 Nf6 5. f3 exf3 6. Nxf3 b6 7. Bd3 Bb7 8.
Be3 Be7 9. O-O c5 10. Qe2 cxd4 11. Nxd4 Bc5 12. Nf5 Bxe3+ 13. Qxe3 O-O 14.
Nxg7 Kxg7 15. Qg5+ Kh8 16. Qxf6+ Qxf6 17. Rxf6 Nd7 18. Rh6 f5 19. Rxe6 Rf6
20. Rxf6 Nxf6 21. Bxf5 Rg8 22. g3 Rd8 23. Re1 Rd2 24. Re7 Bf3 25. Rf7 Rg2+
26. Kf1 Rxb2 27. Rxf6 Rxh2 28. Bxh7 Kxh7 29. Rxf3 Rc2 30. Ke1 Rg2 31. Ne2
Rh2 32. Rf7+ Kg6 33. Rxa7
{Eren resigns} 1-0

[Event "ICS rated blitz match"]
[Site "164.58.253.13"]
[Date "1997.07.01"]
[Round "-"]
[White "Brause"]
[Black "orla"]
[Result "1-0"]
[WhiteElo "2299"]
[BlackElo "1259"]
[TimeControl "180+1"]

1. e4 e6 2. d4 d5 3. c4 dxe4 4. Nc3 f5 5. Be2 Nf6 6. Nh3 Bb4 7. O-O Bxc3 8.
bxc3 Nc6 9. Bh5+ g6 10. Be2 b6 11. Bh6 Bb7 12. c5 Qd7 13. cxb6 axb6 14. Bg5
Nd5 15. Qd2 h6 16. Bxh6 O-O-O 17. Bg5 Rdg8 18. c4 Nde7 19. Bf6 Rh7 20. Ng5
Rh6 21. Rae1 e5 22. d5 Nd4 23. Nxe4 fxe4 24. Qxh6 Nef5 25. Qg5 b5 26. Bg4
Rf8 27. Bxe5 bxc4 28. Bxd4 Qxd5 29. Qxg6 Qxd4 30. Bxf5+ Kb8 31. Bxe4 Bxe4
32. Rxe4 Qh8 33. Rb1+ Kc8 34. Qe6+ Kd8 35. Rb8#
{orla checkmated} 1-0

[Event "ICS rated blitz match"]
[Site "164.58.253.13"]
[Date "1997.07.01"]
[Round "-"]
[White "Brause"]
[Black "saxo"]
[Result "1-0"]
[WhiteElo "2306"]
[BlackElo "2015"]
[TimeControl "240+5"]

1. e4 e6 2. d4 d5 3. c4 c5 4. cxd5 exd5 5. Nc3 dxe4 6. Bc4 Nf6 7. Qb3 Qd7
8. Bb5 Nc6 9. d5 Rb8 10. dxc6 bxc6 11. Bxc6 Qxc6 12. Qxb8 Bd6 13. Qb5 Bd7
14. Qxc6 Bxc6 15. Nge2
{saxo resigns} 1-0

[Event "ICS rated blitz match"]
[Site "164.58.253.13"]
[Date "1997.07.02"]
[Round "-"]
[White "Brause"]
[Black "arrocco"]
[Result "1-0"]
[WhiteElo "2319"]
[BlackElo "1710"]
[TimeControl "180+1"]

1. e4 e6 2. d4 d5 3. c4 dxe4 4. Nc3 Nf6 5. f3 b6 6. fxe4 Bb7 7. Bg5 Be7 8.
e5 Nfd7 9. Bxe7 Qxe7 10. Qh5 c5 11. d5 exd5 12. Nxd5 Qxe5+ 13. Qxe5+ Nxe5
14. Nc7+ Kd7 15. Nxa8 Bxa8 16. O-O-O+ Kc7 17. b3 Nbd7 18. Ne2 Nf6 19. Nc3
Re8 20. Rg1 Bc6 21. Be2 Ng6 22. Kc2 Nf4 23. Bf3 Bxf3 24. gxf3 g6 25. Nb5+
Kb8 26. Rge1 Rxe1 27. Rxe1 Ne6 28. Nd6 Nd4+ 29. Kb2 Nxf3 30. Rf1 Nxh2 31.
Rxf6 g5 32. Rxf7 g4 33. Rb7+ Ka8 34. Rxh7 g3 35. Rh8#
{arrocco checkmated} 1-0

[Event "ICS rated blitz match"]
[Site "192.231.221.16"]
[Date "1997.07.02"]
[Round "-"]
[White "Brause"]
[Black "Mus"]
[Result "0-1"]
[WhiteElo "2632"]
[BlackElo "2212"]
[TimeControl "180+1"]

1. e4 e6 2. d4 d5 3. c4 dxe4 4. Nc3 f5 5. Be2 Nf6 6. Bh5+ g6 7. Be2 c6 8.
Nh3 Bg7 9. O-O O-O 10. Bf4 Nbd7 11. Qd2 Qe7 12. Bh6 e5 13. Bxg7 Kxg7
14. d5 cxd5 15. Nxd5 Nxd5 16. cxd5 Qd6 17. Rad1 Nf6 18. Bc4 Bd7 19. Ng5 h6
20. Ne6+ Bxe6 21. dxe6 Qxd2 22. Rxd2 Rfd8 23. Rc2 Rac8 24. Rfc1 Kf8 25. h3
Ke7 26. a4 Rc6 27. b3 Rdc8 28. a5 a6 29. g3 Ne8 30. g4 Nd6 31. gxf5 gxf5
32. Rb2 Nxc4 33. bxc4 R8c7 34. Rcb1 Rxc4 35. Rxb7 Kxe6 36. Rxc7 Rxc7 37.
Rb6+ Kd5 38. Rxa6 f4 39. Rxh6 Rg7+ 40. Kf1 Rc7 41. Rb6 Rc1+ 42. Ke2 Ra1 43.
Rb5+ Ke6 44. Rb2 Kf5 45. Rc2 Rxa5 46. Kf1 Ra8 47. Kg2 Rg8+ 48. Kh1 f3 49.
Rc1 Rg2 50. Rf1 Kf4 51. h4 e3 52. fxe3+ Kxe3 53. Ra1 Kf4 54. Rc1 e4 55. Rc4
Rg4 56. Kh2 Rxh4+ 57. Kg1 Kg3 58. Rc3 Rh8 59. Rb3 Rc8 60. Rb1 e3 61. Kf1
Rh8 62. Kg1 f2+ 63. Kf1 Rh1+ 64. Ke2 Rxb1 65. Kd3 f1=Q+ 66. Kd4 Qf4+ 67.
Kc5 Rd1 68. Kb6 Qd6+ 69. Kb5 Qd2 70. Kb6 Qc2 71. Ka7 Rb1 72. Ka8 Qa2#
{Brause checkmated} 0-1

[Event "ICS rated blitz match"]
[Site "192.231.221.16"]
[Date "1997.07.04"]
[Round "-"]
[White "Brause"]
[Black "MikeBuaizNM"]
[Result "1-0"]
[WhiteElo "2505"]
[BlackElo "2316"]
[TimeControl "180+1"]

1. e4 e6 2. d4 d5 3. c4 dxe4 4. Nc3 Bb4 5. Be3 Nf6 6. Qc2 O-O 7. O-O-O Bxc3
8. Qxc3 a6 9. Be2 b5 10. Nh3 Bb7 11. Kb1 Nc6 12. cxb5 axb5 13. Bxb5 Ne7 14.
Rhe1 c6 15. Bc4 Ned5 16. Qd2 Qb6 17. Rc1 Ba6 18. Bf4 Bxc4 19. Rxc4 Nxf4 20.
Nxf4 Qa6 21. b3 Rfc8 22. Re2 g5 23. Nh3 h6 24. Qc2 Qb6 25. Qc3 Kg7 26. Qe3
Ra3 27. Nxg5 Qb8 28. Rec2 Qxh2 29. Nxe4 Nxe4 30. Qxe4 Qg1+ 31. Rc1 Qxf2 32.
R4c2 Qg3 33. Kb2 Rca8 34. Ra1 R8a6 35. Rxc6 Ra7 36. Rc4 R7a5 37. Rc5 Qf2+
38. Rc2 Qg3 39. Qe2 Qd6 40. Qg4+ Rg5 41. Qe4 Rga5 42. Rc6 Qb4 43. Rc4 Qd2+
44. Rc2 Qb4 45. Qg4+ Rg5 46. Qh4 Raa5 47. Rd1 Qa3+ 48. Kb1 Rgb5 49. Rd3
Rxb3+ 50. Rxb3
{MikeBuaizNM forfeits on time} 1-0

[Event "ICS rated blitz match"]
[Site "192.231.221.16"]
[Date "1997.07.09"]
[Round "-"]
[White "Brause"]
[Black "SpaceAce"]
[Result "1-0"]
[WhiteElo "2520"]
[BlackElo "2209"]
[TimeControl "180+1"]

1. e4 e6 2. d4 d5 3. c4 c6 4. Nc3 Bb4 5. Qg4 Qf6 6. exd5 cxd5 7. cxd5
h5 8. Qe4 Ne7 9. dxe6 Bxe6 10. Qxb7 Bd5 11. Qxb4 O-O 12. Be3 Nbc6 13.
Qa4 Rad8 14. Rc1 Rfe8 15. Nxd5 Nxd5 16. Rxc6 Qf5 17. Ne2 Nxe3 18. fxe3
Rxe3 19. Rc1 Rde8 20. Qc4 Qg5 21. d5 R3e4 22. Qc6 f5 23. d6 f4 24. d7
Qh4+ 25. g3 fxg3 26. dxe8=Q+ Rxe8 27. Qxe8+ Kh7 28. Nxg3 Qb4+ 29. Rc3
Qxb2 30. Qxh5+ Kg8 31. Rc8#
{SpaceAce checkmated} 1-0

[Event "ICS rated blitz match"]
[Site "192.231.221.16"]
[Date "1997.07.09"]
[Round "-"]
[White "Brause"]
[Black "DoctorWu"]
[Result "1-0"]
[WhiteElo "2503"]
[BlackElo "2201"]
[TimeControl "180+1"]

1. e4 e6 2. d4 d5 3. c4 dxe4 4. Nc3 Nf6 5. f3 Be7 6. fxe4 O-O 7. Nf3
b6 8. Bd3 Bb7 9. O-O c6 10. a3 a6 11. Bf4 c5 12. d5 exd5 13. exd5 Bd6
14. Ne5 b5 15. cxb5 axb5 16. Bxb5 c4 17. Qd4 Na6 18. Bxa6 Rxa6 19.
Nxc4 Bxf4 20. Rxf4 Re8 21. Rd1 Bxd5 22. Nxd5 Nxd5 23. Qxd5 Qb8 24.
Qxf7+ Kh8 25. Rfd4 Rf8 26. Qxf8+ Qxf8 27. Rd8 Rf6 28. Rxf8+ Rxf8 29.
b4 h6 30. b5 Rc8 31. b6 Rb8 32. Rd7 Kh7 33. a4 Ra8 34. a5 Rc8 35. b7
Rxc4 36. b8=Q Rc1+ 37. Kf2 Rc2+ 38. Ke3 Rc3+ 39. Kd2 Ra3 40. Qb1+ Kg8
41. Rd8+ Kf7 42. Qf5+ Ke7 43. Rd7+ Ke8 44. Qf7#
{DoctorWu checkmated} 1-0

[Event "ICS Rated blitz match"]
[Site "192.231.221.16"]
[Date "1997.07.11"]
[Round "-"]
[White "Brause"]
[Black "evbad"]
[Result "1-0"]
[WhiteElo "2589"]
[BlackElo "2355"]
[TimeControl "120+12"]

1. e4 e6 2. d4 d5 3. c4 dxe4 4. Nc3 Nf6 5. f3 exf3 6. Nxf3 Be7 7. Bd3
O-O 8. O-O b6 9. Bf4 Bb7 10. Nb5 Bd6 11. Nxd6 cxd6 12. Qe2 d5 13. Rad1
Nbd7 14. Rc1 Rc8 15. b3 Ne4 16. cxd5 exd5 17. Rxc8 Qxc8 18. Rc1 Qa8
19. Rc7 Ndf6 20. Ne5 h6 21. Ba6 Bc8 22. Bxc8 Rxc8 23. Rxf7 a5 24. Qb2
Nd6 25. Re7 b5 26. Nd7 Nxd7 27. Bxd6 Qc6 28. Qf2 Rf8 29. Qg3 Rf7 30.
Re8+ Nf8 31. Qe5 Qc1+ 32. Qe1 Qxe1+ 33. Rxe1 Rd7 34. Bc5 Nh7 35. Re8+
Kf7 36. Rb8 a4 37. b4 Nf6 38. Rxb5 Ne4 39. Ra5 Nc3 40. b5
{evbad resigns} 1-0

[Event "ICS rated blitz match, 192.231"]
[Site "ICS rated blitz match, 192.23"]
[Date "1997.??.??"]
[Round "?"]
[White "Brause"]
[Black "Alberto"]
[Result "1-0"]
[WhiteElo "2650"]
[BlackElo "1975"]
[PlyCount "109"]

1. e4 e6 2. d4 d5 3. c4 dxe4 4. Nc3 Nf6 5. f3 exf3 6. Nxf3 c5 7. d5 Bd6
8. Bd3 O-O 9. O-O exd5 10. cxd5 Bg4 11. Qb3 Qb6 12. Qxb6 axb6 13. Bg5 Nbd7
14. Rae1 Rfe8 15. a4 h6 16. Rxe8+ Rxe8 17. Bxf6 Nxf6 18. h3 Bxf3
19. Rxf3 Re1+ 20. Kf2 Re7 21. Re3 Rxe3 22. Kxe3 Kf8 23. g4 Ke7
24. Bc2 Nd7 25. Bf5 Ne5 26. Nd1 Kd8 27. Bc2 Ke7 28. Ke4 f6 29. Ne3 g6
30. Bb1 Kd7 31. Bd3 Ke7 32. Bf1 Kd7 33. Bb5+ Ke7 34. Nc4 Nxc4 35. Bxc4 Be5
36. b3 Kd6 37. Be2 Bc3 38. h4 Bd4 39. h5 gxh5 40. gxh5 Bc3 41. Bg4 Bd2
42. Bc8 Kc7 43. Be6 Kd6 44. Bf5 Be3 45. Kxe3 Ke5 46. Be6 f5 47. Bg8 f4+
48. Kf3 Kd6 49. Kxf4 Ke7 50. Kf5 Kd6 51. Kg6 b5 52. axb5 b6 53. Kxh6 Ke5
54. Kg7 Kf5 55. Be6+ 1-0

[Event "ICS rated blitz match, 192.231"]
[Site "ICS rated blitz match, 192.23"]
[Date "1997.??.??"]
[Round "?"]
[White "Brause"]
[Black "Alberto"]
[Result "1-0"]
[WhiteElo "2650"]
[BlackElo "1975"]
[PlyCount "109"]

1. e4 e6 2. d4 d5 3. c4 dxe4 4. Nc3 Nf6 5. f3 exf3 6. Nxf3 c5 7. d5 Bd6
8. Bd3 O-O 9. O-O exd5 10. cxd5 Bg4 11. Qb3 Qb6 12. Qxb6 axb6 13. Bg5 Nbd7
14. Rae1 Rfe8 15. a4 h6 16. Rxe8+ Rxe8 17. Bxf6 Nxf6 18. h3 Bxf3
19. Rxf3 Kf8 20. Bc4 Ne4 21. Nb5 Ke7 22. Bd3 Nf6 23. Re3+ Kd7 24. Bf5+ Kd8
25. Rxe8+ Nxe8 26. Nxd6 Nxd6 27. Bd3 Ke7 28. Kf2 Kf6 29. b3 Ke5
30. Bc4 Ne8 31. Ke3 f6 32. g4 Nc7 33. d6 Kxd6 34. Ke4 Ne6 35. Kf5 Nf8
36. Bg8 Ke7 37. Bd5 g6+ 38. Ke4 Kd6 39. Bxb7 Ne6 40. Ke3 Ke5 41. Kd3 Nf4+
42. Kc4 Kd6 43. Be4 g5 44. Kb5 Kc7 45. a5 bxa5 46. Kxc5 Nxh3 47. Kb5 Nf2
48. Bf5 Nd1 49. Kc5 Ne3 50. Be6 Nc2 51. Bf5 Ne3 52. Be6 Ng2 53. Bf7 Nf4
54. Bc4 h5 55. gxh5 1-0

[Event "ICS rated blitz match, 192.231"]
[Site "ICS rated blitz match, 192.23"]
[Date "1997.??.??"]
[Round "?"]
[White "Brause"]
[Black "Alberto"]
[Result "1-0"]
[WhiteElo "2650"]
[BlackElo "1975"]
[PlyCount "51"]

1. e4 e6 2. d4 d5 3. c4 dxe4 4. Nc3 Nf6 5. f3 exf3 6. Nxf3 c5 7. d5 Bd6
8. Bd3 O-O 9. O-O exd5 10. cxd5 Bg4 11. Qb3 Qb6 12. Qxb6 axb6 13. Bg5 Nbd7
14. Rae1 Rae8 15. Rxe8 Rxe8 16. Bb5 Re7 17. Bxd7 Rxd7 18. Bxf6 gxf6
19. Ne4 Be5 20. Nxe5 fxe5 21. Nf6+ Kg7 22. h3 Be2 23. Nxd7 Bxf1
24. Kxf1 f5 25. Nxe5 Kf6 26. d6 1-0

[Event "ICS rated blitz match, 192.231"]
[Site "ICS rated blitz match, 192.23"]
[Date "1997.??.??"]
[Round "?"]
[White "Brause"]
[Black "Alberto"]
[Result "1-0"]
[WhiteElo "2650"]
[BlackElo "1970"]
[PlyCount "141"]

1. e4 e6 2. d4 d5 3. c4 dxe4 4. Nc3 Nf6 5. f3 exf3 6. Nxf3 c5 7. d5 Bd6
8. Bd3 O-O 9. O-O exd5 10. cxd5 Bg4 11. Qb3 Qb6 12. Qxb6 axb6 13. Bg5 Nbd7
14. Rae1 h6 15. Bxf6 Nxf6 16. Ne5 Bxe5 17. Rxe5 Rfe8 18. Rfe1 Rxe5
19. Rxe5 Re8 20. Rxe8+ Nxe8 21. Na4 Nd6 22. Nxb6 Kf8 23. h3 Bh5
24. Nd7+ Ke7 25. Nxc5 Bd1 26. b3 b6 27. Na4 b5 28. Nc3 Bh5 29. b4 Kf6
30. Bxb5 Ke5 31. Bc6 Kd4 32. Nb5+ Nxb5 33. Bxb5 Kxd5 34. a4 f6
35. a5 Kd6 36. a6 Kc7 37. Bc4 Kb6 38. Kf2 Be8 39. b5 Bd7 40. Ke3 Bf5
41. Kd4 Bb1 42. Bd3 Ba2 43. Be4 Bb3 44. Bd5 Bc2 45. Bf3 Bb3 46. Bc6 Bc2
47. Kc4 Bb1 48. Kc3 Bf5 49. Bf3 Bb1 50. Kd4 Bg6 51. Be2 Bb1 52. Bc4 Bc2
53. Bd3 Bb3 54. Bf5 Ba2 55. Bd7 Bb1 56. Bg4 Ba2 57. Bh5 Bb1 58. Be8 Bc2
59. h4 Bb1 60. h5 Bc2 61. Bc6 Bb1 62. Be4 Ba2 63. Bd5 Bb1 64. Be6 Bc2
65. Bg4 Bb1 66. Be2 Bc2 67. Kc4 Bb1 68. Bf3 Bc2 69. g3 Bb1 70. Be2 Bc2
71. Kd5 1-0

[Event "ICS rated blitz match, 192.231"]
[Site "ICS rated blitz match, 192.23"]
[Date "1997.??.??"]
[Round "?"]
[White "Brause"]
[Black "Alberto"]
[Result "1-0"]
[WhiteElo "2650"]
[BlackElo "1970"]
[PlyCount "159"]

1. e4 e6 2. d4 d5 3. c4 dxe4 4. Nc3 Nf6 5. f3 exf3 6. Nxf3 c5 7. d5 Bd6
8. Bd3 O-O 9. O-O exd5 10. cxd5 Bg4 11. Qb3 Qb6 12. Qxb6 axb6 13. Bg5 Nbd7
14. Rae1 Rfe8 15. a4 h6 16. Bxf6 Nxf6 17. h3 Bxf3 18. Rxe8+ Rxe8
19. Rxf3 Kf8 20. Bc4 Re7 21. Kf2 Ne4+ 22. Nxe4 Rxe4 23. b3 Re7
24. Re3 Rxe3 25. Kxe3 Ke7 26. g4 Kf6 27. Ke4 Bh2 28. Bb5 Bg3 29. Bd7 Ke7
30. Bc8 Kd6 31. Bxb7 Bh2 32. Bc6 Bg3 33. Be8 Ke7 34. Bb5 Kd6 35. Bc4 Bh2
36. Bf1 Bg3 37. Bb5 Bh2 38. Be8 Ke7 39. Bc6 Kd6 40. h4 Bg3 41. h5 Bh2
42. Be8 Ke7 43. Bc6 Kd6 44. Bb5 Bg3 45. Be8 Ke7 46. Bc6 Kd6 47. Kd3 Ke5
48. Kc4 Kd6 49. Be8 Ke7 50. Bb5 Kd6 51. Ba6 Kc7 52. Kd3 Kd6 53. Ke4 Bh2
54. Bd3 Bg3 55. Bc4 Bh2 56. Bf1 Bg3 57. Bb5 Bh2 58. Be2 Bg3 59. Bf3 Bh2
60. Kd3 Bg3 61. Kc4 Bh2 62. Kb5 Kc7 63. Be4 Bg3 64. Bh7 Bh2 65. Bg8 f6
66. Be6 Be5 67. Bf5 Bf4 68. Bd3 Be5 69. Be4 Bf4 70. a5 Be5 71. axb6+ Kb7
72. d6+ Kb8 73. d7 Bc7 74. bxc7+ Kxc7 75. Bf5 Kd8 76. Kc6 Ke7 77. Kc7 c4
78. d8=Q+ Kf7 79. Bg6+ Ke6 80. Qd6+ 1-0

[Event "ICS rated blitz match, 192.231"]
[Site "ICS rated blitz match, 192.23"]
[Date "1997.??.??"]
[Round "?"]
[White "Brause"]
[Black "Tyrisha"]
[Result "1-0"]
[WhiteElo "2665"]
[BlackElo "1945"]
[PlyCount "41"]

1. e4 e6 2. d4 d5 3. c4 dxe4 4. Nc3 Nf6 5. f3 exf3 6. Nxf3 Bb4
7. Bg5 O-O 8. Be2 c6 9. Qb3 Bxc3+ 10. bxc3 Nbd7 11. O-O Qc7 12. Bd3 b6
13. Rab1 Bb7 14. c5 Rab8 15. Bxf6 Nxf6 16. cxb6 axb6 17. Qxb6 Qf4
18. Ne5 Qe3+ 19. Rf2 c5 20. Qxc5 Rfc8 21. Rxb7 1-0

[Event "ICS rated blitz match, 192.231"]
[Site "ICS rated blitz match, 192.23"]
[Date "1997.??.??"]
[Round "?"]
[White "Brause"]
[Black "Tyrisha"]
[Result "1-0"]
[WhiteElo "2665"]
[BlackElo "1945"]
[PlyCount "53"]

1. e4 e6 2. d4 d5 3. c4 dxe4 4. Nc3 c5 5. d5 exd5 6. cxd5 Nf6 7. Bg5 Be7
8. Bxf6 Bxf6 9. Qa4+ Bd7 10. Qxe4+ Qe7 11. Qxe7+ Bxe7 12. Nf3 O-O
13. Bd3 Bg4 14. Ne5 Bh5 15. O-O Bf6 16. Rae1 Rd8 17. f4 Nd7 18. d6 Bg6
19. Bxg6 hxg6 20. Re4 Nf8 21. Rd1 Ne6 22. Rd5 b6 23. Nxg6 Bxc3
24. bxc3 Nc7 25. Ne7+ Kf8 26. dxc7 Rxd5 27. Nxd5 1-0

[Event "ICS rated blitz match, 192.231"]
[Site "ICS rated blitz match, 192.23"]
[Date "1997.??.??"]
[Round "?"]
[White "Brause"]
[Black "Tyrisha"]
[Result "1-0"]
[WhiteElo "2665"]
[BlackElo "1945"]
[PlyCount "57"]

1. e4 e6 2. d4 d5 3. c4 c6 4. cxd5 cxd5 5. e5 Ne7 6. Bb5+ Bd7 7. Bxd7+ Qxd7
8. Nf3 Nbc6 9. O-O Nf5 10. g4 Nh6 11. Bxh6 gxh6 12. Qd3 O-O-O 13. Nc3 Kb8
14. Kh1 Rg8 15. Rg1 Rg7 16. Qe3 Be7 17. Qxh6 Rdg8 18. Qf4 Bg5 19. Nxg5 Rxg5
20. Nb5 h5 21. gxh5 Rxg1+ 22. Rxg1 Rxg1+ 23. Kxg1 Qe8 24. h4 Qg8+
25. Kh2 Qh7 26. h6 Ne7 27. Qc1 a6 28. Qc7+ Ka8 29. Qd8+ 1-0

[Event "ICS rated blitz match, 192.231"]
[Site "ICS rated blitz match, 192.23"]
[Date "1997.??.??"]
[Round "?"]
[White "Brause"]
[Black "damo"]
[Result "1-0"]
[WhiteElo "2680"]
[BlackElo "2290"]
[PlyCount "41"]

1. e4 e6 2. d4 d5 3. c4 dxe4 4. Nc3 Nf6 5. f3 Bb4 6. Qa4+ Nc6 7. Be3 O-O
8. O-O-O Qe7 9. Nxe4 Nxe4 10. fxe4 e5 11. dxe5 Nxe5 12. Nf3 Nxf3
13. gxf3 f5 14. c5 fxe4 15. Qxb4 exf3 16. Re1 f2 17. Bxf2 Qg5+
18. Be3 Qg6 19. Bc4+ Be6 20. Rhg1 Qf5 21. Bd4 1-0

[Event "ICS rated bullet match, 192.23"]
[Site "ICS rated bullet match, 192.2"]
[Date "1997.??.??"]
[Round "?"]
[White "Brause"]
[Black "Jochen"]
[Result "1-0"]
[WhiteElo "2490"]
[BlackElo "1840"]
[PlyCount "21"]

1. e4 e6 2. d4 d5 3. c4 dxe4 4. Nc3 Nf6 5. f3 exf3 6. Nxf3 c5 7. d5 exd5
8. cxd5 Bg4 9. Bb5+ Nbd7 10. O-O Be7 11. d6 1-0

[Event "ICS rated blitz match, 192.231"]
[Site "ICS rated blitz match, 192.23"]
[Date "1997.??.??"]
[Round "?"]
[White "Brause"]
[Black "MOMartian"]
[Result "1-0"]
[WhiteElo "2600"]
[BlackElo "2095"]
[PlyCount "33"]

1. e4 e6 2. d4 d5 3. c4 dxe4 4. Nc3 c6 5. f3 exf3 6. Nxf3 Bb4 7. Bd3 Nf6
8. O-O O-O 9. Bf4 b6 10. Ne4 Nxe4 11. Bxe4 Bb7 12. Qc2 Bd6 13. Bxh7+ Kh8
14. Bg5 Be7 15. Bxe7 Qxe7 16. Ne5 g6 17. Rxf7 1-0

[Event "ICS Rated blitz match, 192.231"]
[Site "ICS Rated blitz match, 192.23"]
[Date "1997.??.??"]
[Round "?"]
[White "Brause"]
[Black "brazilian"]
[Result "1-0"]
[WhiteElo "2500"]
[BlackElo "2050"]
[PlyCount "31"]

1. e4 e6 2. d4 d5 3. c4 dxe4 4. Nc3 Nf6 5. f3 exf3 6. Nxf3 Nbd7
7. Bd3 h6 8. O-O Be7 9. Bf4 c6 10. Bc2 O-O 11. Qd2 Re8 12. Bd3 Nf8
13. Rae1 c5 14. Nb5 cxd4 15. Bc7 Qd7 16. Ne5 1-0